[Event "Baden op-B 30th"]
[Site "Baden"]
[Date "2002.04.27"]
[Round "2.3"]
[White "Stachl, Josef"]
[Black "Putz, Josef"]
[Result "1/2-1/2"]
[WhiteElo "1695"]
[BlackElo "1622"]
[PlyCount "57"]
[EventDate "2002.04.26"]
[EventType "swiss"]
[EventRounds "5"]
[EventCountry "AUT"]
[SourceTitle "EXT 2003"]
[Source "ChessBase"]
[SourceDate "2002.11.25"]
[SourceVersion "1"]
[SourceVersionDate "2002.11.25"]
[SourceQuality "1"]

1. d4 Nf6 2. c4 e6 3. Nc3 d5 4. Nf3 Nbd7 5. e3 Be7 6. Bd3 dxc4 7. Bxc4 b6 8. 0-0 Bb7 9. Qc2 c5 10. Qe2 Ne4 11. Nxe4 Bxe4 12. dxc5 Bxc5 13. Rd1 Qc7 14. Ng5 Bc6 15. Nh3 0-0 16. Bd2 Bd6 17. f4 Nf6 18. Bd3 Qe7 19. Rac1 Bb7 20. a3 a5 21. Ng5 h6 22. Nf3 Rac8 23. Kh1 Rxc1 24. Rxc1 Rc8 25. Rxc8+ Bxc8 26. Bc3 Nd5 27. Bd2 Qf6 28. Bc1 Qd8 29. Bd2 1/2-1/2